000 00961cam a2200289 a 4500
001 000018764
005 20200929165844.0
008 740402s1972 xxc 000 d eng d
020 _a0887706045 (cloth)
020 _a0887706053 (peper)
040 _aDO-SdBNP
_bspa
_cLC
_dBNPHU
041 1 7 _aeng
_hfre
_2Código de idioma MARC
082 _a842.914
_bD814w
100 1 _aDubé, Marcel,
_d1930-
_940277
240 1 0 _aAu retour des Oies Blanches.
_lInglés
245 1 4 _aThe white geese /
_cMarcel Dubé ; traducción e introducción Jean Remple.
260 _aToronto :
_bNew Press,
_c1972.
300 _axi, 106 p. ;
_c21 cm.
490 1 _aNew Drama
_v5
534 _aTítulo original en francés:
_tAu Retour des Oies Blanches
650 4 _aTeatro francés
_95359
650 4 _aLiteratura francesa
_ySIGLO XX
_94232
700 1 _aRemple, Jean,
_etrad.
_940486
830 0 _aNew Drama
_v5
_940487
910 _aCatalogación derivada / LC
049 _aBNGR
999 _c18284
_d18284